| 000 | 01037cam a22002651 4500 | ||
|---|---|---|---|
| 001 | 11221 | ||
| 003 | BD-RjUL | ||
| 005 | 20211208235106.0 | ||
| 008 | 140126s1966 ne a b 001 0 eng | ||
| 035 | _a(BD-RjUL)11270 | ||
| 040 |
_aDLC/ICU _cICU _dBD-RjUL _beng |
||
| 041 | _aeng | ||
| 082 | 0 | 0 |
_a571.45 _bENE 1966 |
| 245 | 1 | 0 |
_aEnergy transfer in radiation processes : _bchemical, physical, and biological aspects / _cedited by Glyn O. Phillips. |
| 260 |
_aAmsterdam ; New York : _bElsevier Pub. Co., _c1966. |
||
| 300 |
_axvi, 182 p. : _billus. ; _c22 cm. |
||
| 500 | _aInternational symposium held at Cardiff, January, 1965, organized by the Dept. of Chemistry, University College, Dept. of Applied Physics, Welsh College of Advanced Technology, and the Radiotherapy Centre, Velindre Hospital. | ||
| 504 | _aIncludes bibliographies and index. | ||
| 650 | 0 |
_aRadiobiology. _934710 |
|
| 650 | 0 |
_aEnergy transfer. _934711 |
|
| 700 | 1 |
_aPhillips, Glyn O. _9226181 |
|
| 942 |
_2ddc _cBK |
||
| 999 |
_c11221 _d11221 |
||